LEADER 01022cam0-2200325---450- 001 990004118140403321 005 20121003130531.0 035 $a000411814 035 $aFED01000411814 035 $a(Aleph)000411814FED01 035 $a000411814 100 $a19990604d1951----km-y0itay50------ba 101 1 $afre 102 $aFR 105 $ay-------001yy 200 1 $aQu'est-ce que la metaphysique?$esuivi d'extraits sur l'être et le temps et d'une conférence sur Hölderlin$fMartin Heidegger$gtraduit de l'allemand avec un avant-propos et notes par Henry Corbin 205 $a3. ed. 210 $aParis$cGallimard$dc1951 215 $a256 p.$d19 cm 225 1 $a<>essais$v7 676 $a193 700 1$aHeidegger,$bMartin$f<1889-1976>$010351 702 1$aCorbin,$bHenri 801 0$aIT$bUNINA$gRICA$2UNIMARC 901 $aBK 912 $a990004118140403321 952 $aP.1 9D HEID 48$bIST.FIL.T.1086$fFLFBC 959 $aFLFBC 996 $aQu'est-ce que la metaphysique$9476528 997 $aUNINA LEADER 01283nam 2200397 450 001 000008174 005 20070503173200.0 100 $a20010430d1975----km-y0itay0103----ba 101 0 $aita 102 $aIT 200 1 $aArte egizia$fSergio Donadoni 200 1 $a1 $n0002814 210 $aTorino$cEinaudi$dc1975 215 $a131 p., [108] p. di tav.$d20 cm. 225 1 $aReprints Einaudi$v43 606 $aArte egiziana 676 $a709.32$v(20. ed.)$9Arte. Egitto antico 700 1$aDonadoni,$bSergio$0127198 801 0$aIT$bUniversità della Basilicata - B.I.A.$gRICA$2unimarc 912 $a000008174 996 $aArte egizia$975297 997 $aUNIBAS BAS $aMONLET BAS $aMONOGR BAS $aLETTERE CAT $aDILEO$b20$c20010430$lBAS01$h1017 CAT $aDILEO$b20$c20010430$lBAS01$h1254 CAT $aDILEO$b20$c20010430$lBAS01$h1258 CAT $c20050601$lBAS01$h1754 CAT $abatch$b01$c20050718$lBAS01$h1049 CAT $c20050718$lBAS01$h1109 CAT $c20050718$lBAS01$h1139 CAT $c20050718$lBAS01$h1153 CAT $aBATCH$b00$c20070503$lBAS01$h1732 FMT Z30 -1$lBAS01$LBAS01$mBOOK$1BASA1$APolo Storico-Umanistico$2DSLA$BCollezione DiSSLA$3DD/4985$64985$5D4985$820010430$f04$FPrestabile Didattica